00718nam a22001937a 4500999001900000005001700019010001500036020002700051035001400078037001300092082001600105245009900121260005200220270004000272300003400312700002300346942003000369952012500399 c188401d18840120230406113755.0 aENG-132745 a9780199494774c1695.00 aEN-116277 bDBAD/PUB a954.0420924 aSelected Works of Jawaharlal Nehru:b20 July - 30 September 1962/cEdited by Madhavan K. Palat aNew DelhibJawaharlal Nehru Memorial Fundc2015 aTeen Murti HousebNew Delhie110011 axxxi, 882p.bIndexc25cm(hbk) aPalat, Madhavan K. 2ddccENh954.0420924mSEL 001040708REFaLbLd2022-05-20eDBAD/PUBg1695.00l0o954.0420924 SELpEN-116277r2022-05-20 00:00:00t1v1695.00yEN